| 000 | 00994nam0a22002771 4500 | ||
|---|---|---|---|
| 001 | rc\3405497 | ||
| 005 | 20130115140013.9 | ||
| 021 |
_aRU _b[72-40512] |
||
| 035 | _a(NLR Aleph) 007575453 | ||
| 090 |
_a5451012 _c5451012 |
||
| 100 | _a20130115d1972 |||y0rusy50 ca | ||
| 101 | 0 | _arus | |
| 102 | _aRU | ||
| 105 | _aa z ||||| | ||
| 200 | 1 | _aВоенные строители на стройках Москвы | |
| 210 |
_aМосква _cВоениздат _d1972 |
||
| 215 |
_a214 с., 4 л. ил. _cил. _d21 |
||
| 300 | _aПеред загл. авт.: засл. строитель РСФСР, ген.-майор-инж. А.И. Ромашко | ||
| 606 |
_aСтроительное дело _2psbo |
||
| 606 |
_aВоенно-строительные организации _yМосква _2psbo |
||
| 700 | 1 |
_aРомашко _bА. И. _gАлександр Иванович |
|
| 801 | 0 |
_aRU _bNLR _gpsbo |
|
| 801 | 1 |
_aRU _bELAR _2rusmarc |
|
| 852 |
_aNLR _j72-3/4958 |
||
| 942 | _cBOOK | ||
| 980 | _aNB | ||